Architecture of Siam : (Record no. 17486)

000 -LEADER
fixed length control field 01228pam a2200301 a 4500
001 - CONTROL NUMBER
control field 4960730
005 - DATE AND TIME OF LATEST TRANSACTION
control field 20161126114949.0
008 - FIXED-LENGTH DATA ELEMENTS--GENERAL INFORMATION
fixed length control field 970321s1998 my a b 001 0 eng
010 ## - LIBRARY OF CONGRESS CONTROL NUMBER
LC control number 97003082
020 ## - INTERNATIONAL STANDARD BOOK NUMBER
International Standard Book Number 9835600279
040 ## - CATALOGING SOURCE
Original cataloging agency DLC
Transcribing agency DLC
Modifying agency DLC
043 ## - GEOGRAPHIC AREA CODE
Geographic area code a-th---
050 00 - LIBRARY OF CONGRESS CALL NUMBER
Classification number NA1521
Item number .A2 1997
100 1# - MAIN ENTRY--PERSONAL NAME
Personal name Aasen, Clarence T.
245 10 - TITLE STATEMENT
Title Architecture of Siam :
Remainder of title a cultural history interpretation /
Statement of responsibility, etc. Clarence Aasen.
260 ## - PUBLICATION, DISTRIBUTION, ETC. (IMPRINT)
Place of publication, distribution, etc. Kuala Lumpur ;
-- New York :
Name of publisher, distributor, etc. Oxford University Press,
Date of publication, distribution, etc. 1998.
300 ## - PHYSICAL DESCRIPTION
Extent xix, 291 p. :
Other physical details ill. (some col.) ;
Dimensions 26 cm.
504 ## - BIBLIOGRAPHY, ETC. NOTE
Bibliography, etc Includes bibliographical references (p. 253-275) and index.
650 #0 - SUBJECT ADDED ENTRY--TOPICAL TERM
Topical term or geographic name as entry element Architecture
Geographic subdivision Thailand.
650 #0 - SUBJECT ADDED ENTRY--TOPICAL TERM
Topical term or geographic name as entry element Architecture and society
Geographic subdivision Thailand.
856 42 - ELECTRONIC LOCATION AND ACCESS
Materials specified Publisher description
Uniform Resource Identifier <a href="http://www.loc.gov/catdir/enhancements/fy0604/97003082-d.html">http://www.loc.gov/catdir/enhancements/fy0604/97003082-d.html</a>
942 ## - ADDED ENTRY ELEMENTS (KOHA)
Source of classification or shelving scheme
Koha item type Hard Covered Materials
Classification part NA1521 .A2 1997
Holdings
Withdrawn status Lost status Source of classification or shelving scheme Damaged status Not for loan Home library Current library Shelving location Date acquired Source of acquisition Total Checkouts Full call number Barcode Date last seen Price effective from Koha item type
          MACHAKOS UNIVERSITY LIBRARY MACHAKOS UNIVERSITY LIBRARY Technical section 26/11/2016 Donation(BFA)   NA1521 .A2 1997 28308 03/06/2019 26/11/2016 Hard Covered Materials
© Machakos University Library, Along The Highway, Machakos Wote Rd, Machakos, Kenya P.O. Box 136 - 90100 Machakos - Kenya

Tel: ( +254 ) 723 805829 OR Fax : 044-20353 OR Email: library@mksu.ac.ke